| 000 | 00741nam a2200229Ia 4500 | ||
|---|---|---|---|
| 003 | GCL | ||
| 008 | 140319s9999 xx 000 0 ara d | ||
| 020 | _a6006829953 | ||
| 040 |
_aGCL / _cGCL |
||
| 082 | 0 | 4 |
_a321.9 _bم ا |
| 245 | 1 | 0 | _aالاستبداد فى نظم الحكم العربية المعاصرة |
| 250 | _aالاولى | ||
| 260 |
_aبيروت : _bمركز دراسات الوحدة العربية |
||
| 300 |
_a571ص ؛ _c24سم |
||
| 650 | 0 | 4 | _aنظم الحكم |
| 650 | 0 | 4 | _aالدكتاتورية |
| 650 | 0 | 4 | _aالاستبداد |
| 650 | 0 | 4 | _aالنظم السياسية العربية |
| 650 | 0 | 4 | _aالسلطة (مذهب) |
| 650 | 0 | 4 | _aالدول العربية ، نظام الحكم فى |
| 942 |
_2ddc _cBK |
||
| 999 |
_c7527 _d7527 |
||